| 000 | 01306cam a2200385 i 4500 | ||
|---|---|---|---|
| 001 | on1004375887 | ||
| 003 | TZ-ArACH | ||
| 005 | 20230926163844.0 | ||
| 008 | 170726s2017 ke b 000 0 eng c | ||
| 010 | _a 2016343502 | ||
| 020 | _a9789966530493 | ||
| 020 | _a9966530495 | ||
| 035 | _a(OCoLC)1004375887 | ||
| 040 |
_aPUL _beng _erda _cPUL _dOCLCF _dHVL _dDLC _dOCLCO _dOCLCA |
||
| 042 | _apcc | ||
| 043 | _af-tz--- | ||
| 049 | _aTZAA | ||
| 050 | 4 |
_aKTT54 _b.M35 2017 |
|
| 100 | 1 |
_aMashamba, Clement J., _eauthor. |
|
| 245 | 1 | 0 |
_aIntroduction to family law in Tanzania / _cDr. Clement J. Mashamba. |
| 250 | _aSecond edition. | ||
| 260 |
_aNairobi, Kenya : _bLawAfrica Pubishing (K) Ltd., _c2017. |
||
| 300 |
_axliii, 494 pages ; _c21 cm |
||
| 504 | _aIncludes bibliographical references (pages 479-494). | ||
| 650 | 0 |
_aMarriage law _zTanzania. |
|
| 650 | 0 |
_aParent and child (Law) _zTanzania. |
|
| 650 | 0 |
_aDivorce _xLaw and legislation _zTanzania. |
|
| 650 | 7 |
_aDivorce _xLaw and legislation. _2fast |
|
| 650 | 7 |
_aMarriage law. _2fast |
|
| 650 | 7 |
_aParent and child (Law) _2fast |
|
| 651 | 7 |
_aTanzania. _2fast |
|
| 710 | 2 |
_aInstitute of Public Policy and Law, _esponsoring body. |
|
| 710 | 2 |
_aNational Organization for Legal Assistance (Tanzania), _esponsoring body. |
|
| 942 |
_2lcc _cBOOK |
||
| 999 |
_c7114 _d7114 |
||